Library Banner

Locations : (Record no. 100273)

MARC details
000 -LEADER
fixed length control field 00418nam a22001457a 4500
005 - DATE AND TIME OF LATEST TRANSACTION
control field 20171125094931.0
008 - FIXED-LENGTH DATA ELEMENTS--GENERAL INFORMATION
fixed length control field 171125b xxu||||| |||| 00| 0 eng d
020 ## - INTERNATIONAL STANDARD BOOK NUMBER
International Standard Book Number 9781935935667
040 ## - CATALOGING SOURCE
Transcribing agency PK-LaUMT
082 ## - DEWEY DECIMAL CLASSIFICATION NUMBER
Classification number 711.4
Item number LOC-
245 ## - TITLE STATEMENT
Title Locations :
Remainder of title anthology of architecture and urbanism /
Statement of responsibility, etc edited by Kazi Khaleed Ashraf
260 ## - PUBLICATION, DISTRIBUTION, ETC. (IMPRINT)
Place of publication, distribution, etc Khilkhet :
Name of publisher, distributor, etc Bengal Foundation,
Date of publication, distribution, etc 2016
300 ## - PHYSICAL DESCRIPTION
Extent 280 p.
942 ## - ADDED ENTRY ELEMENTS (KOHA)
Koha item type Books
Holdings
Withdrawn status Lost status Damaged status Home library Current library Date acquired Full call number Barcode Date last seen Copy number Price effective from Koha item type
      UMT Main Campus UMT Main Campus 2017-11-25 711.4 LOC- 116166 2017-11-25 V.1 2017-11-25 Books